[Event "Chess.com Rapid Wk23 Swiss"]
[Site "Chess.com INT"]
[Date "2022.07.30"]
[Round "5"]
[White "Yang, Kaiqi"]
[Black "Steinberg, Nitzan"]
[Result "1-0"]
[WhiteElo "2481"]
[BlackElo "2542"]
[PlyCount "69"]
[GameId "1808972265861120"]
[EventDate "2022.07.30"]
[EventType "swiss (rapid)"]
[EventRounds "9"]
[EventCountry "USA"]
[SourceTitle "CBM 209 Extra"]
[Source "ChessBase"]
[SourceDate "2022.09.30"]
[SourceVersion "1"]
[SourceVersionDate "2022.09.30"]
[SourceQuality "1"]

1. d4 d5 2. c4 e6 3. Nc3 c5 4. cxd5 cxd4 5. Qa4+ Bd7 6. Qxd4 exd5 7. Nf3 Nc6 8. Qxd5 Nf6 9. Qd1 Bc5 10. e3 O-O 11. Be2 Qe7 12. a3 Rfd8 13. O-O Ne5 14. Qc2 Bd6 15. Rd1 Rac8 16. Bd2 Nxf3+ 17. Bxf3 Qe5 18. g3 Bg4 19. Bxg4 Nxg4 20. Be1 Qh5 21. h4 g5 22. Qf5 Rc5 23. Rd5 Ne5 24. Rad1 Rxd5 25. Rxd5 Qg6 26. Qxg6+ hxg6 27. hxg5 Nc4 28. Ne4 Be7 29. Rxd8+ Bxd8 30. Bc3 Kf8 31. a4 Ke8 32. b3 Na3 33. Nd6+ Kd7 34. Nxf7 Bc7 35. Nh8 1-0

[Event "Chess.com Rapid Wk23 Swiss"]
[Site "Chess.com INT"]
[Date "2022.07.30"]
[Round "6"]
[White "Rustemov, Alexander"]
[Black "Yang, Kaiqi"]
[Result "1-0"]
[WhiteElo "2525"]
[BlackElo "2481"]
[PlyCount "89"]
[GameId "1808972265988096"]
[EventDate "2022.07.30"]
[EventType "swiss (rapid)"]
[EventRounds "9"]
[EventCountry "USA"]
[SourceTitle "CBM 209 Extra"]
[Source "ChessBase"]
[SourceDate "2022.09.30"]
[SourceVersion "1"]
[SourceVersionDate "2022.09.30"]
[SourceQuality "1"]

1. d4 e6 2. c4 d5 3. Nc3 c6 4. e3 Nf6 5. Nf3 Nbd7 6. Qc2 Bd6 7. b3 O-O 8. Be2 b6 9. O-O Bb7 10. Bb2 Qe7 11. Rad1 Rad8 12. Rfe1 Rfe8 13. g3 c5 14. cxd5 Nxd5 15. Nxd5 Bxd5 16. e4 Bb7 17. d5 exd5 18. exd5 Qf8 19. Ng5 g6 20. f4 Be7 21. Bb5 a6 22. Bc6 Bxc6 23. dxc6 Nf6 24. Qc3 Rd4 25. Nf3 Nd5 26. Qc1 Rxd1 27. Rxd1 Nb4 28. Qc3 f6 29. c7 Bd6 30. Qxf6 Qxf6 31. Bxf6 Bxc7 32. Rd7 Bb8 33. Rg7+ Kf8 34. Ng5 Re1+ 35. Kg2 Bd6 36. Nxh7+ Ke8 37. Rxg6 Nxa2 38. f5 b5 39. Bg5 Be5 40. Re6+ Kf7 41. Re7+ Kg8 42. f6 Bc3 43. f7+ Kxh7 44. f8=Q+ Kg6 45. Rxe1 1-0

[Event "Chess.com Rapid Wk23 Swiss"]
[Site "Chess.com INT"]
[Date "2022.07.30"]
[Round "8"]
[White "Azarov, Sergei Nikolaevich"]
[Black "Yang, Kaiqi"]
[Result "1-0"]
[WhiteElo "2566"]
[BlackElo "2481"]
[PlyCount "59"]
[GameId "1808972266086400"]
[EventDate "2022.07.30"]
[EventType "swiss (rapid)"]
[EventRounds "9"]
[EventCountry "USA"]
[SourceTitle "CBM 209 Extra"]
[Source "ChessBase"]
[SourceDate "2022.09.30"]
[SourceVersion "1"]
[SourceVersionDate "2022.09.30"]
[SourceQuality "1"]

1. e4 e6 2. d4 d5 3. Nd2 c5 4. Ngf3 cxd4 5. Nxd4 Nc6 6. Bb5 Bd7 7. Nxc6 bxc6 8. Bd3 Qc7 9. Qe2 Bd6 10. Nf3 dxe4 11. Qxe4 Nf6 12. Qh4 c5 13. Bg5 Nd5 14. O-O Rb8 15. b3 Nb4 16. Rad1 Bc6 17. Be4 Nxa2 18. Rxd6 Bxe4 19. Qxe4 Qxd6 20. Bf4 f5 21. Qa4+ Qd7 22. Bxb8 Qxa4 23. bxa4 Kd7 24. Be5 Kc6 25. Rd1 Nb4 26. Rd6+ Kb7 27. c3 Nc6 28. Rxe6 Rd8 29. Rd6 Re8 30. Bxg7 1-0

[Event "Chess.com Rapid Wk23 Swiss"]
[Site "Chess.com INT"]
[Date "2022.07.30"]
[Round "9"]
[White "Yang, Kaiqi"]
[Black "Suleymanli, Aydin Elshan"]
[Result "1/2-1/2"]
[WhiteElo "2481"]
[BlackElo "2541"]
[PlyCount "126"]
[GameId "1808972266168320"]
[EventDate "2022.07.30"]
[EventType "swiss (rapid)"]
[EventRounds "9"]
[EventCountry "USA"]
[SourceTitle "CBM 209 Extra"]
[Source "ChessBase"]
[SourceDate "2022.09.30"]
[SourceVersion "1"]
[SourceVersionDate "2022.09.30"]
[SourceQuality "1"]

1. e4 c5 2. Nc3 a6 3. g3 b5 4. Bg2 Bb7 5. Nf3 b4 6. Na4 Qa5 7. b3 Bxe4 8. O-O Nf6 9. Re1 e6 10. Bb2 Bb7 11. Ne5 Bxg2 12. Kxg2 Qc7 13. Qf3 Nc6 14. Nxc6 Qxc6 15. Qxc6 dxc6 16. Bxf6 gxf6 17. Nb6 Ra7 18. Nc4 Be7 19. a3 O-O 20. g4 Rd8 21. Ra2 h5 22. h3 Rd5 23. axb4 cxb4 24. Rea1 hxg4 25. hxg4 f5 26. gxf5 Rxf5 27. Rxa6 Rc7 28. Re1 Bc5 29. f3 Bd4 30. Re4 c5 31. Ra8+ Kh7 32. Rh4+ Kg7 33. Rg4+ Kh7 34. Nd6 Rh5 35. Ne4 f5 36. Ng5+ Kh6 37. Nxe6 fxg4 38. Nxc7 Be5 39. Ra6+ Kh7 40. fxg4 Rh2+ 41. Kf3 Rxd2 42. Ne6 Rxc2 43. Ng5+ Kg7 44. Ke4 Bf6 45. Ne6+ Kf7 46. g5 Re2+ 47. Kd3 Rb2 48. Kc4 Be7 49. g6+ Kxg6 50. Nxc5+ Kf7 51. Nd3 Rc2+ 52. Kd5 Rc3 53. Ne5+ Kg7 54. Ke6 Bc5 55. Rc6 Bd4 56. Rxc3 bxc3 57. Nd3 c2 58. Kd5 Be3 59. b4 c1=Q 60. Nxc1 Bxc1 61. b5 Be3 62. Kc6 Ba7 63. b6 Bxb6 1/2-1/2

[Event "Speed Chess Q1"]
[Site "Chess.com INT"]
[Date "2022.11.10"]
[Round "1"]
[White "Yang, Kaiqi"]
[Black "Sarana, Alexey"]
[Result "0-1"]
[WhiteElo "2481"]
[BlackElo "2668"]
[PlyCount "62"]
[GameId "1847043412946944"]
[EventDate "2022.11.10"]
[EventType "swiss (blitz)"]
[EventRounds "14"]
[EventCountry "USA"]
[SourceTitle "CBM 211 Extra"]
[Source "ChessBase"]
[SourceDate "2023.01.31"]
[SourceVersion "1"]
[SourceVersionDate "2023.01.31"]
[SourceQuality "1"]

1. e4 c5 2. c3 d5 3. exd5 Qxd5 4. d4 Nc6 5. Nf3 Bf5 6. Be3 cxd4 7. Nxd4 Nf6 8. Qb3 Nxd4 9. Bxd4 a6 10. Nd2 e6 11. Nc4 Rd8 12. Ne3 Qxb3 13. axb3 Be4 14. f3 Bc6 15. Nc4 Be7 16. Na5 Bd5 17. b4 O-O 18. Be2 Nd7 19. Kf2 e5 20. Be3 f5 21. Rhd1 Nf6 22. c4 Bc6 23. Nxc6 bxc6 24. Rxa6 Bxb4 25. Rxc6 Rxd1 26. Bxd1 Rd8 27. Ke2 f4 28. Bc1 Kf7 29. Rb6 Bc5 30. Rb7+ Kg6 31. Bc2+ Kh6 0-1

[Event "Speed Chess Q1"]
[Site "Chess.com INT"]
[Date "2022.11.10"]
[Round "3"]
[White "Yang, Kaiqi"]
[Black "Donchenko, Alexander"]
[Result "0-1"]
[WhiteElo "2481"]
[BlackElo "2645"]
[PlyCount "156"]
[GameId "1847043413549056"]
[EventDate "2022.11.10"]
[EventType "swiss (blitz)"]
[EventRounds "14"]
[EventCountry "USA"]
[SourceTitle "CBM 211 Extra"]
[Source "ChessBase"]
[SourceDate "2023.01.31"]
[SourceVersion "1"]
[SourceVersionDate "2023.01.31"]
[SourceQuality "1"]

1. e4 c5 2. c3 Nf6 3. e5 Nd5 4. Bc4 Nb6 5. Bb3 d5 6. exd6 e6 7. Nf3 Bxd6 8. d4 Nc6 9. Be3 cxd4 10. Nxd4 O-O 11. Nb5 Be7 12. Qxd8 Bxd8 13. Nd2 Bd7 14. a4 a6 15. Nd6 Rb8 16. N2e4 Na5 17. Bc2 Nbc4 18. Nxc4 Nxc4 19. Bc5 Re8 20. O-O-O Bc6 21. b3 Bxe4 22. Bxe4 Bb6 23. Bxb6 Nxb6 24. Rd6 Nc8 25. Rd7 b6 26. Rhd1 Kf8 27. Bb7 a5 28. Bc6 Ne7 29. Bb5 Rec8 30. Kb2 Nd5 31. c4 Nf6 32. Ra7 g5 33. f3 Ra8 34. Rb7 Rab8 35. Ra7 Kg7 36. Rd6 Rd8 37. Rxd8 Rxd8 38. Kc2 g4 39. Ra6 Rb8 40. c5 Nd5 41. c6 gxf3 42. gxf3 Rc8 43. Ra7 Nb4+ 44. Kb2 Nxc6 45. Rb7 Nb4 46. Rxb6 Rc2+ 47. Kb1 Rxh2 48. Rb7 h5 49. Be8 h4 50. Rxf7+ Kh6 51. Rf6+ Kg5 52. Rxe6 h3 53. f4+ Kxf4 54. Rh6 Kg3 55. Bd7 Rh1+ 56. Kb2 h2 57. Bc8 Rg1 58. Bb7 Nd3+ 59. Kc3 Nc5 60. Ba8 Nd7 61. Kd4 Rd1+ 62. Ke4 Nc5+ 63. Kf5 Nxb3 64. Rg6+ Kf2 65. Ke6 h1=Q 66. Bxh1 Rxh1 67. Kd6 Ke2 68. Rg5 Kd2 69. Rb5 Kc3 70. Kc6 Rh4 71. Kb6 Rxa4 72. Rh5 Rb4+ 73. Ka6 a4 74. Rh3+ Kc4 75. Rh4+ Nd4 76. Ka5 a3 77. Rxd4+ Kxd4 78. Kxb4 a2 0-1

[Event "Speed Chess Q1"]
[Site "Chess.com INT"]
[Date "2022.11.10"]
[Round "7"]
[White "Leiva Rodriguez, Jeammarco Giuseppe"]
[Black "Yang, Kaiqi"]
[Result "1-0"]
[WhiteElo "2366"]
[BlackElo "2481"]
[PlyCount "47"]
[GameId "1847043414286336"]
[EventDate "2022.11.10"]
[EventType "swiss (blitz)"]
[EventRounds "14"]
[EventCountry "USA"]
[SourceTitle "CBM 211 Extra"]
[Source "ChessBase"]
[SourceDate "2023.01.31"]
[SourceVersion "1"]
[SourceVersionDate "2023.01.31"]
[SourceQuality "1"]

1. e4 c5 2. Nf3 d6 3. d4 cxd4 4. Nxd4 Nf6 5. Nc3 a6 6. Bg5 e6 7. f4 Nbd7 8. Qf3 Qc7 9. O-O-O b5 10. e5 Bb7 11. Qh3 dxe5 12. Nxe6 fxe6 13. Qxe6+ Be7 14. Bxb5 axb5 15. Nxb5 Qc6 16. Nd6+ Kd8 17. fxe5 Rf8 18. Nxb7+ Qxb7 19. Rxd7+ Nxd7 20. Bxe7+ Kc7 21. Bd6+ Kc8 22. Bxf8 Qxg2 23. Rd1 Ra7 24. Qe8+ 1-0

[Event "Speed Chess Q1"]
[Site "Chess.com INT"]
[Date "2022.11.10"]
[Round "8"]
[White "Arencibia Monduy, Antonio"]
[Black "Yang, Kaiqi"]
[Result "0-1"]
[WhiteElo "2100"]
[BlackElo "2481"]
[PlyCount "96"]
[GameId "1847043414605824"]
[EventDate "2022.11.10"]
[EventType "swiss (blitz)"]
[EventRounds "14"]
[EventCountry "USA"]
[SourceTitle "CBM 211 Extra"]
[Source "ChessBase"]
[SourceDate "2023.01.31"]
[SourceVersion "1"]
[SourceVersionDate "2023.01.31"]
[SourceQuality "1"]

1. d3 Nf6 2. e4 d6 3. c3 g6 4. Bg5 Bg7 5. g3 c5 6. Nd2 Nc6 7. Ndf3 h6 8. Bf4 b5 9. Bg2 e5 10. Be3 b4 11. h3 bxc3 12. bxc3 Qa5 13. Bd2 Rb8 14. Qc1 Ba6 15. c4 Qb6 16. Bc3 O-O 17. Ne2 Bc8 18. O-O Qc7 19. Nd2 Nh5 20. g4 Nf4 21. Nxf4 exf4 22. Bxg7 Kxg7 23. Qc3+ Ne5 24. Nf3 Kg8 25. Nxe5 dxe5 26. Rab1 Be6 27. Bf3 Rb6 28. Rxb6 axb6 29. Rb1 Rd8 30. Rb3 h5 31. Qb2 Rb8 32. Be2 f6 33. f3 hxg4 34. hxg4 Qd6 35. Bf1 Bd7 36. Ra3 b5 37. Ra7 bxc4 38. Qc3 Be6 39. dxc4 Rb1 40. Kf2 Qd1 41. Ra8+ Kg7 42. Ra7+ Kh6 43. Qd3 Rb2+ 44. Be2 Qh1 45. Qd8 Qh2+ 46. Kf1 Rb1+ 47. Bd1 Bxc4+ 48. Ke1 Qe2# 0-1

[Event "Speed Chess Q1"]
[Site "Chess.com INT"]
[Date "2022.11.10"]
[Round "12"]
[White "Yang, Kaiqi"]
[Black "Czerw, Dawid"]
[Result "0-1"]
[WhiteElo "2481"]
[BlackElo "2373"]
[PlyCount "102"]
[GameId "1847043415363584"]
[EventDate "2022.11.10"]
[EventType "swiss (blitz)"]
[EventRounds "14"]
[EventCountry "USA"]
[SourceTitle "CBM 211 Extra"]
[Source "ChessBase"]
[SourceDate "2023.01.31"]
[SourceVersion "1"]
[SourceVersionDate "2023.01.31"]
[SourceQuality "1"]

1. e4 c5 2. c3 Nf6 3. e5 Nd5 4. Bc4 Nb6 5. Bb3 Nc6 6. Nf3 d5 7. exd6 Qxd6 8. O-O Bf5 9. d4 cxd4 10. cxd4 e6 11. Nc3 Be7 12. Nb5 Qd7 13. Bf4 O-O 14. Rc1 a6 15. Nc3 Rfd8 16. Ne5 Nxe5 17. Bxe5 Rac8 18. Qe2 Rc6 19. Rcd1 Nd5 20. Nxd5 exd5 21. Rfe1 Bb4 22. Rf1 Re8 23. a3 Bf8 24. Qd2 Rb6 25. Ba2 f6 26. Bf4 Qb5 27. b4 Re2 28. Bxd5+ Kh8 29. a4 Rxd2 30. axb5 Rxd1 31. Rxd1 Rxb5 32. Bf7 Rxb4 33. Bc7 g6 34. d5 Kg7 35. Be8 Re4 36. d6 Rxe8 37. f3 Bd7 38. Kf2 Kf7 39. Rb1 Bc6 40. Rb4 Ke6 41. Rh4 Bxd6 42. Rxh7 Bxc7 43. Rxc7 Kd6 44. Rg7 g5 45. g3 a5 46. h4 gxh4 47. gxh4 a4 48. h5 a3 49. h6 a2 50. Rg1 Rh8 51. Ra1 Bd5 0-1

[Event "Titled Tuesday intern op 23rd Jan Early"]
[Site "Chess.com INT"]
[Date "2024.01.23"]
[Round "4"]
[White "Yang, Kaiqi"]
[Black "Vigoa Apecheche, Yanira"]
[Result "1-0"]
[WhiteElo "2481"]
[BlackElo "2232"]
[PlyCount "77"]
[GameId "2006901662666752"]
[EventDate "2024.01.23"]
[EventType "swiss (blitz)"]
[EventRounds "11"]
[EventCountry "USA"]
[SourceTitle "EXT 2025"]
[Source "ChessBase"]
[SourceDate "2024.10.14"]
[SourceVersion "1"]
[SourceVersionDate "2024.10.14"]
[SourceQuality "1"]

1. Nf3 c5 2. g3 Nc6 3. Bg2 g6 4. O-O Bg7 5. d3 Nf6 6. e4 O-O 7. Nbd2 d5 8. c3 h6 9. Re1 Be6 10. e5 Nd7 11. d4 Qb6 12. Nf1 Rac8 13. Rb1 Bf5 14. Ra1 cxd4 15. Nxd4 Nxd4 16. cxd4 e6 17. Ne3 Be4 18. f3 Bf5 19. g4 f6 20. gxf5 gxf5 21. exf6 Bxf6 22. Nc2 Kh7 23. Kh1 Rg8 24. Bf4 Qxb2 25. Re2 Qb6 26. Rb1 Qc6 27. Qd2 Rg6 28. Nb4 Qc4 29. Rxe6 Rcg8 30. Bg3 a5 31. Nc2 Nf8 32. Rxb7+ Kh8 33. Rxf6 Rxf6 34. Be5 Rgg6 35. Rf7 Nh7 36. Qxa5 Qxc2 37. Qd8+ Rg8 38. Bxf6+ Nxf6 39. Qxf6+ 1-0

[Event "Titled Tuesday intern op 30th Apr Early"]
[Site "Chess.com INT"]
[Date "2024.04.30"]
[Round "3"]
[White "Yang, Kaiqi"]
[Black "Fabris, Alberto"]
[Result "0-1"]
[WhiteElo "2481"]
[BlackElo "2230"]
[PlyCount "100"]
[GameId "2042391541526528"]
[EventDate "2024.04.30"]
[EventType "swiss (blitz)"]
[EventRounds "11"]
[EventCountry "USA"]
[SourceTitle "CBM 220 Extra"]
[Source "ChessBase"]
[SourceDate "2024.07.31"]
[SourceVersion "1"]
[SourceVersionDate "2024.07.31"]
[SourceQuality "1"]

1. d4 Nf6 2. Nc3 d5 3. Bf4 c6 4. e3 g6 5. h4 Bg7 6. h5 Nxh5 7. Rxh5 gxh5 8. Qxh5 Nd7 9. Nf3 Nf6 10. Qh4 Bf5 11. O-O-O Qa5 12. Kb1 O-O-O 13. Ne5 Bg6 14. g4 Rhe8 15. Bh2 Nd7 16. Nxd7 Rxd7 17. f4 e6 18. f5 exf5 19. Qg3 Rc7 20. gxf5 Bh5 21. Qxg7 Bxd1 22. Bh3 f6 23. Qxf6 Bxc2+ 24. Kxc2 Qb4 25. Qh4 Qf8 26. f6+ Kb8 27. Qf4 Qf7 28. Nd1 b6 29. Nf2 Kb7 30. Qxc7+ Qxc7 31. Bxc7 Kxc7 32. Nd3 Rf8 33. Ne5 Rxf6 34. Kd3 Rf2 35. Kc3 Rh2 36. Bf5 h5 37. a4 h4 38. b4 h3 39. Nf3 Rh1 40. e4 dxe4 41. Bxe4 h2 42. Nxh2 Rxh2 43. b5 cxb5 44. axb5 Rh4 45. Bc6 Kd6 46. Kc4 Rg4 47. Be8 Rg1 48. Bc6 Rc1+ 49. Kb4 Rxc6 50. bxc6 Kxc6 0-1

[Event "Titled Tuesday intern op 30th Apr Early"]
[Site "Chess.com INT"]
[Date "2024.04.30"]
[Round "7"]
[White "Yang, Kaiqi"]
[Black "Marcziter, Dmitrii"]
[Result "0-1"]
[WhiteElo "2481"]
[BlackElo "2209"]
[PlyCount "110"]
[GameId "2042391545954304"]
[EventDate "2024.04.30"]
[EventType "swiss (blitz)"]
[EventRounds "11"]
[EventCountry "USA"]
[SourceTitle "CBM 220 Extra"]
[Source "ChessBase"]
[SourceDate "2024.07.31"]
[SourceVersion "1"]
[SourceVersionDate "2024.07.31"]
[SourceQuality "1"]

1. Nf3 Nf6 2. g3 g6 3. d4 Bg7 4. Bg2 O-O 5. O-O d6 6. a4 a5 7. Nc3 Bf5 8. Nh4 Bc8 9. e4 c6 10. h3 Na6 11. Be3 Bd7 12. Qd2 Re8 13. e5 Nd5 14. Nxd5 cxd5 15. exd6 exd6 16. c3 Qc8 17. Kh2 Nc7 18. Rfe1 Qd8 19. Bg5 Bf6 20. Bxf6 Qxf6 21. Nf3 Kg7 22. Rxe8 Rxe8 23. Ng1 h6 24. b3 b6 25. Re1 Rxe1 26. Qxe1 Qe6 27. Qd2 Ne8 28. Ne2 g5 29. Nc1 Nf6 30. Nd3 Ne4 31. Qe1 Qf5 32. Qe3 Nxc3 33. f4 Ne4 34. g4 Qe6 35. f5 Qe8 36. Qc1 Qc8 37. Qe1 Qc2 38. Qe3 Bc6 39. Kg1 Qd1+ 40. Kh2 Qxb3 41. h4 f6 42. hxg5 hxg5 43. Qe2 Qc3 44. Ne1 Qd2 45. Qf1 Qf2 46. Qxf2 Nxf2 47. Kg3 Ne4+ 48. Bxe4 dxe4 49. Kf2 Bxa4 50. Ke3 d5 51. Kd2 b5 52. Ng2 b4 53. Ne3 Bb3 54. Kc1 a4 55. Kb2 Kf8 0-1

[Event "Chess.com Classic Play In"]
[Site "Chess.com INT"]
[Date "2024.05.08"]
[Round "6"]
[White "Pinero Rodriguez, Carlos Jose"]
[Black "Yang, Kaiqi"]
[Result "1/2-1/2"]
[WhiteElo "2288"]
[BlackElo "2481"]
[PlyCount "120"]
[GameId "2044923980668928"]
[EventDate "2024.05.08"]
[EventType "swiss (rapid)"]
[EventRounds "9"]
[EventCountry "USA"]
[SourceTitle "CBM 220 Extra"]
[Source "ChessBase"]
[SourceDate "2024.07.31"]
[SourceVersion "1"]
[SourceVersionDate "2024.07.31"]
[SourceQuality "1"]

1. e4 c5 2. Nf3 Nf6 3. e5 Nd5 4. g3 Nc6 5. Bg2 g6 6. O-O Bg7 7. Re1 O-O 8. Nc3 Nxc3 9. dxc3 d6 10. exd6 exd6 11. Bf4 d5 12. Qd2 Bf5 13. Ne5 Be6 14. Rad1 Nxe5 15. Bxe5 Bxe5 16. Rxe5 Qf6 17. Qf4 Qxf4 18. gxf4 Rad8 19. Bxd5 Rd6 20. Rd3 c4 21. Bxc4 Rxd3 22. Bxd3 Rd8 23. a4 Kg7 24. a5 Rd6 25. Rc5 b6 26. Rc7 Rd7 27. Rxd7 Bxd7 28. axb6 axb6 29. f3 h6 30. Kf2 g5 31. Ke3 Kf6 32. Kd4 gxf4 33. b4 Kg5 34. Ke5 Bc6 35. Be4 Bb5 36. Bd5 f6+ 37. Ke6 Be2 38. c4 Kh4 39. Kxf6 Kh3 40. Kf5 Kxh2 41. Kxf4 h5 42. c5 bxc5 43. bxc5 h4 44. Be6 h3 45. c6 Ba6 46. Ke5 Kg3 47. Bxh3 Kxh3 48. f4 Kg4 49. c7 Bc8 50. c4 Kh5 51. c5 Kg6 52. c6 Kf7 53. f5 Ke7 54. f6+ Kf7 55. Kd6 Kxf6 56. Kc5 Ke7 57. Kb6 Kd6 58. Ka7 Kxc7 59. Ka8 Kb6 60. Kb8 Kxc6 1/2-1/2

[Event "Titled Tuesday intern op 04th Jun Late"]
[Site "Chess.com INT"]
[Date "2024.06.04"]
[Round "2"]
[White "Nasuta, Grzegorz"]
[Black "Yang, Kaiqi"]
[Result "1-0"]
[WhiteElo "2541"]
[BlackElo "2481"]
[PlyCount "73"]
[GameId "2055086105964544"]
[EventDate "2024.06.04"]
[EventType "swiss (blitz)"]
[EventRounds "11"]
[EventCountry "USA"]
[SourceTitle "EXT 2025"]
[Source "ChessBase"]
[SourceDate "2024.10.14"]
[SourceVersion "1"]
[SourceVersionDate "2024.10.14"]
[SourceQuality "1"]

1. e4 e6 2. d4 d5 3. e5 c5 4. c3 Bd7 5. Nf3 Nc6 6. Be2 f6 7. O-O Qc7 8. Bf4 Nge7 9. Re1 Ng6 10. Bg3 f5 11. h4 Be7 12. h5 Nf8 13. c4 Nxd4 14. Nxd4 cxd4 15. cxd5 f4 16. d6 Bxd6 17. exd6 Qxd6 18. Bh2 e5 19. Nd2 Ne6 20. Nc4 Qc7 21. Bf1 O-O 22. Nxe5 Rae8 23. Nxd7 Qxd7 24. Bc4 Kh8 25. Qg4 Rf6 26. Bxf4 Rxf4 27. Bxe6 Qc7 28. Qg3 Ref8 29. Bd5 Qa5 30. Bf3 Qf5 31. Rad1 d3 32. Rxd3 h6 33. Rde3 Qf7 34. Qg6 Qc7 35. Re8 R4f7 36. Rxf8+ Rxf8 37. Be4 1-0

[Event "Titled Tuesday intern op 11th Jun Early"]
[Site "Chess.com INT"]
[Date "2024.06.11"]
[Round "2"]
[White "Yang, Kaiqi"]
[Black "Umarov, Sabir"]
[Result "0-1"]
[WhiteElo "2481"]
[BlackElo "2364"]
[PlyCount "88"]
[GameId "2057617424572416"]
[EventDate "2024.06.11"]
[EventType "swiss (blitz)"]
[EventRounds "11"]
[EventCountry "USA"]
[SourceTitle "EXT 2025"]
[Source "ChessBase"]
[SourceDate "2024.10.14"]
[SourceVersion "1"]
[SourceVersionDate "2024.10.14"]
[SourceQuality "1"]

1. d4 c6 2. Bf4 g6 3. e3 Bg7 4. Nf3 Qb6 5. Qc1 d6 6. Nbd2 Bg4 7. h3 Bxf3 8. Nxf3 Nd7 9. Bh2 f5 10. a4 a5 11. Be2 Ngf6 12. O-O Ne4 13. Nd2 Ndf6 14. c4 Nxd2 15. Qxd2 Ne4 16. Qc2 c5 17. Bd3 cxd4 18. Bxe4 fxe4 19. Qxe4 O-O 20. Qxe7 dxe3 21. Qxe3 Qxe3 22. fxe3 Bxb2 23. Rab1 Ba3 24. Rxb7 Bc5 25. g4 Bxe3+ 26. Kg2 Rxf1 27. Kxf1 Rf8+ 28. Ke1 Bc5 29. Rd7 Re8+ 30. Kd1 Re4 31. Kc2 Rxc4+ 32. Kd3 Rxa4 33. h4 Rd4+ 34. Kc3 Rxg4 35. h5 gxh5 36. Kb3 a4+ 37. Kc3 a3 38. Kb3 Rg2 39. Bf4 Rf2 40. Bh6 Rf3+ 41. Ka2 Rf2+ 42. Kb3 a2 43. Rg7+ Kh8 44. Rb7 Rf3+ 0-1

[Event "Titled Tuesday intern op 11th Jun Late"]
[Site "Chess.com INT"]
[Date "2024.06.11"]
[Round "1"]
[White "Caruana, Fabiano"]
[Black "Yang, Kaiqi"]
[Result "1-0"]
[WhiteElo "2805"]
[BlackElo "2481"]
[PlyCount "119"]
[GameId "2057617434742784"]
[EventDate "2024.06.11"]
[EventType "swiss (blitz)"]
[EventRounds "11"]
[EventCountry "USA"]
[SourceTitle "EXT 2025"]
[Source "ChessBase"]
[SourceDate "2024.10.14"]
[SourceVersion "1"]
[SourceVersionDate "2024.10.14"]
[SourceQuality "1"]

1. d4 e6 2. c4 f5 3. Nc3 Nf6 4. Bf4 Bb4 5. e3 b6 6. Bd3 Bb7 7. Nf3 O-O 8. h3 Ne4 9. Rc1 d6 10. O-O Bxc3 11. bxc3 Nd7 12. Bh2 Rf6 13. Nd2 Rg6 14. Nxe4 Bxe4 15. Bxe4 fxe4 16. f3 Qg5 17. Qe2 exf3 18. Rxf3 Rf8 19. Rxf8+ Nxf8 20. Rf1 Rf6 21. Rxf6 Qxf6 22. Bg3 Nd7 23. Kh2 h6 24. e4 e5 25. Qg4 Qf7 26. Bh4 Nf8 27. a3 Ne6 28. dxe5 dxe5 29. Bg3 Nf4 30. c5 bxc5 31. Bf2 Qc4 32. Qc8+ Kh7 33. Qf5+ Kg8 34. Qxe5 Nd3 35. Qe8+ Kh7 36. Bg3 Qxc3 37. Qd7 Qd4 38. Qf5+ Kg8 39. e5 Qd5 40. Qc8+ Kh7 41. e6 Ne5 42. e7 Nf3+ 43. gxf3 Qd2+ 44. Kg1 Qd1+ 45. Kg2 Qe2+ 46. Bf2 Qxe7 47. Qf5+ Kg8 48. Qd5+ Kh7 49. Qxc5 Qe6 50. Qxa7 Qg6+ 51. Kh2 Qd6+ 52. Bg3 Qd3 53. Kg2 Qe2+ 54. Qf2 Qa6 55. Qa2 Qa4 56. Bf2 c6 57. Qb2 Qc4 58. Qb4 Qe6 59. Qe4+ Qxe4 60. fxe4 1-0

[Event "Titled Tuesday intern op 11th Jun Late"]
[Site "Chess.com INT"]
[Date "2024.06.11"]
[Round "2"]
[White "Yang, Kaiqi"]
[Black "Playa, Marcelo"]
[Result "1/2-1/2"]
[WhiteElo "2481"]
[BlackElo "2376"]
[PlyCount "111"]
[GameId "2057617435803648"]
[EventDate "2024.06.11"]
[EventType "swiss (blitz)"]
[EventRounds "11"]
[EventCountry "USA"]
[SourceTitle "EXT 2025"]
[Source "ChessBase"]
[SourceDate "2024.10.14"]
[SourceVersion "1"]
[SourceVersionDate "2024.10.14"]
[SourceQuality "1"]

1. e4 e6 2. d4 d5 3. exd5 exd5 4. Nf3 Bd6 5. c4 Nf6 6. c5 Be7 7. Bd3 O-O 8. O-O Bg4 9. h3 Bh5 10. g4 Bg6 11. Bxg6 hxg6 12. Ne5 Nc6 13. f4 Ne4 14. Nc3 Bf6 15. Be3 Re8 16. Qd3 Bxe5 17. fxe5 Qh4 18. Rf3 Nxc5 19. dxc5 Nxe5 20. Qxd5 Rad8 21. Qxb7 Nxf3+ 22. Qxf3 Rd3 23. Bf2 Qd8 24. Qg2 Rd2 25. Rf1 Rxb2 26. Qf3 Qd2 27. Ne4 Qe2 28. Qxe2 Rxe2 29. Nc3 Rc2 30. Nd5 Rxa2 31. Nxc7 Ree2 32. Nb5 Rec2 33. c6 Rxc6 34. Nxa7 Rc3 35. h4 Rcc2 36. Nb5 Ra4 37. Kg2 Rxg4+ 38. Kf3 Rb4 39. Nd6 Rb3+ 40. Kg2 Rb4 41. Kf3 Rc3+ 42. Kg2 Rd3 43. Nc8 Rg4+ 44. Kh2 Rf3 45. Ne7+ Kh7 46. Nd5 f5 47. Ne3 Rgf4 48. Kg2 Kh6 49. Nd5 Rxf2+ 50. Rxf2 Rxf2+ 51. Kxf2 g5 52. hxg5+ Kxg5 53. Kg3 f4+ 54. Nxf4 Kf5 55. Nh3 g5 56. Nxg5 1/2-1/2

[Event "Titled Tuesday intern op 11th Jun Late"]
[Site "Chess.com INT"]
[Date "2024.06.11"]
[Round "3"]
[White "Ferriz Barrios, Andres"]
[Black "Yang, Kaiqi"]
[Result "1-0"]
[WhiteElo "2102"]
[BlackElo "2481"]
[PlyCount "63"]
[GameId "2057617436258304"]
[EventDate "2024.06.11"]
[EventType "swiss (blitz)"]
[EventRounds "11"]
[EventCountry "USA"]
[SourceTitle "EXT 2025"]
[Source "ChessBase"]
[SourceDate "2024.10.14"]
[SourceVersion "1"]
[SourceVersionDate "2024.10.14"]
[SourceQuality "1"]

1. d4 e6 2. Nf3 f5 3. Nc3 Nf6 4. Bg5 Bb4 5. e3 h6 6. Bh4 g5 7. Bg3 Ne4 8. Ne5 h5 9. Be2 Nxc3 10. Bxh5+ Kf8 11. bxc3 Bxc3+ 12. Kf1 Rh7 13. Rb1 Nc6 14. Ng6+ Kg8 15. h4 g4 16. Nf4 b6 17. Bg6 Ba6+ 18. Kg1 Rh6 19. h5 Ne7 20. Bh4 Qf8 21. Bg5 Bb7 22. Qd3 Ba5 23. Qc4 Bd5 24. Qxc7 Rc8 25. Qxd7 Nxg6 26. Bxh6 Qxh6 27. Qxc8+ Nf8 28. Nxd5 exd5 29. Qxf5 g3 30. Rh3 gxf2+ 31. Kxf2 Kh8 32. Rg3 1-0